000 00972nam a22002057a 4500
003 OSt
005 20170425100636.0
008 150407b xxu||||| |||| 00| 0 eng d
040 _cCRI
082 _a371.264
100 _941104
_aMonge Rauda, Galileo
245 1 0 _aMejorando el rendimiento académico de los alumnos del segundo año de bacillerato técnico vocacional, sección "A", opción contaduría en la asignatura de matemática del Instituto Nacional "De Ilobasco", 2010
_b: Investigación
_cGalileo Monge Rauda
260 _aIlobasco (Cabañas)
_bUniversidad Católica de El Salvador
_c2011
300 _a43 p.
_c27 cm
_e+ 1 disco compacto
502 _aTrabajo de graduación para optar al grado académico de Maestro/a en asesoría educativa
650 0 _910427
_aRendimiento académico
700 _941103
_aMaldonado Ayala, Peter Paul
710 _940915
_aUniversidad Católica de El Salvador
_bCentro Regional de Ilobasco
942 _2ddc
_cTG
_hprozim
999 _c27585
_d27585